Externá korešpondencia ako forma diplomatickej komunikácie
Problematika externej korešpondencie v diplomatickom prostredí ako jednej z foriem interkultúrnej komunikácie. Najčastejšie formy externej diplomatickej komunikácie z obsahového ako i jazykového a formálneho hľadiska a význam pozitivizmu v diplomacii.
Salvato in:
| Autore principale: | |
|---|---|
| Natura: | Capitolo di libro |
| Lingua: | slovacco |
| Soggetti: | |
| Tags: |
Nessun Tag, puoi essere il primo ad aggiungerne!!
|
MARC
| LEADER | 00000nla a2200000 4500 | ||
|---|---|---|---|
| 001 | 0220165 | ||
| 005 | 20240502073624.0 | ||
| 041 | 0 | |a slo | |
| 044 | |a SK | ||
| 245 | 1 | 0 | |a Externá korešpondencia ako forma diplomatickej komunikácie |c Jarmila Rusiňáková |
| 520 | |a Problematika externej korešpondencie v diplomatickom prostredí ako jednej z foriem interkultúrnej komunikácie. Najčastejšie formy externej diplomatickej komunikácie z obsahového ako i jazykového a formálneho hľadiska a význam pozitivizmu v diplomacii. | ||
| 610 | 2 | 0 | |a diplomacia |
| 610 | 2 | 0 | |a komunikácia externá |
| 610 | 2 | 0 | |a komunikácia interkultúrna |
| 610 | 2 | 0 | |a komunikácia neverbálna |
| 610 | 2 | 0 | |a komunikácia verbálna |
| 610 | 2 | 0 | |a vzťahy medzinárodné |
| 610 | 2 | 0 | |a korešpondencia |
| 100 | 1 | |a Rusiňáková, Jarmila, 1959- | |